Timelines of war : (Record no. 186149)

000 -LEADER
fixed length control field 00641 a2200217 4500
003 - CONTROL NUMBER IDENTIFIER
control field Nust
005 - DATE AND TIME OF LATEST TRANSACTION
control field 20251008183925.0
010 ## - LIBRARY OF CONGRESS CONTROL NUMBER
LC control number 94000203
020 ## - INTERNATIONAL STANDARD BOOK NUMBER
International Standard Book Number 0316114030
020 ## - INTERNATIONAL STANDARD BOOK NUMBER
International Standard Book Number 0316114030 (HC) :
040 ## - CATALOGING SOURCE
Transcribing agency Nust
082 00 - DEWEY DECIMAL CLASSIFICATION NUMBER
Classification number 902.02,BRO
100 1# - MAIN ENTRY--PERSONAL NAME
Personal name Brownstone, David M.
9 (RLIN) 131047
245 10 - TITLE STATEMENT
Title Timelines of war :
Remainder of title a chronology of warfare from 100,000 B.C. to the present /
Statement of responsibility, etc. David Brownstone and Irene Franck.
250 ## - EDITION STATEMENT
Edition statement 1st ed.
260 ## - PUBLICATION, DISTRIBUTION, ETC.
Place of publication, distribution, etc. Boston :
Name of publisher, distributor, etc. Little, Brown,
Date of publication, distribution, etc. c1994.
300 ## - PHYSICAL DESCRIPTION
Extent 562 p. ;
Dimensions 29 cm.
650 #0 - SUBJECT ADDED ENTRY--TOPICAL TERM
Topical term or geographic name entry element Military history
General subdivision Chronology.
9 (RLIN) 131048
700 1# - ADDED ENTRY--PERSONAL NAME
Personal name Franck, Irene M.
9 (RLIN) 131049
942 ## - ADDED ENTRY ELEMENTS (KOHA)
Source of classification or shelving scheme
Koha item type Book
Holdings
Withdrawn status Lost status Source of classification or shelving scheme Damaged status Not for loan Permanent Location Current Location Shelving location Date acquired Full call number Barcode Date last seen Price effective from Koha item type Public note
          Military College of Signals (MCS) Military College of Signals (MCS) General Stacks 12/12/2016 902.02,BRO MCS2031 12/08/2016 12/12/2016 Book Almirah No.76, Shelf No.2
© 2023 Central Library, National University of Sciences and Technology. All Rights Reserved.